Significado de los nombres de Dios en el Corpus Dionysiacum
Saved in:
| 主要作者: | |
|---|---|
| 格式: | 圖書 |
| 語言: | 西班牙语 |
| 出版: |
Salamanca
Salamanca Universidad Pontificia
1975
|
| 版: | 1a. ed |
| 叢編: | Bibliotheca Salmanticensis Estudios, 9
|
| 主題: | |
| 標簽: |
添加標簽
沒有標簽, 成為第一個標記此記錄!
|
MARC
| LEADER | 00000cam a2200000 a 4500 | ||
|---|---|---|---|
| 001 | UCE8187 | ||
| 003 | CL-VaPUC | ||
| 008 | 150728e19750000sp |||||||||||||||||spa|d | ||
| 020 | |a 8472990427 | ||
| 082 | 0 | 4 | |a 220.3 |b MUN |2 21 |
| 100 | |a Muñiz Rodríguez, Vicente |e autor |9 580921 | ||
| 245 | 1 | 0 | |a Significado de los nombres de Dios en el Corpus Dionysiacum |
| 250 | |a 1a. ed | ||
| 300 | |a 172 p | ||
| 942 | |c BK | ||
| 945 | |d 20150728 02:04:00 |a gsalatino | ||
| 260 | |a Salamanca |b Salamanca Universidad Pontificia |c 1975 | ||
| 600 | 0 | |a Dios |9 314467 | |
| 650 | 0 | |a Diccionarios |9 256200 | |
| 650 | 0 | |a Biblia |9 257603 | |
| 583 | |a last modification |c 20150728 02:04:00 |k Rodrigo Vera | ||
| 490 | 0 | |a Bibliotheca Salmanticensis Estudios, 9 | |
| 999 | |c 360126 |d 360124 | ||
| 952 | |0 0 |1 0 |3 erb |4 0 |6 220_300000000000000_MUN_1975 |7 0 |8 A |9 469768 |a BIBTEO |b BIBTEO |e Rehbein Pesce, Antonio, -2014 |i 5181089 |o 220.3 MUN 1975 |p 5181089 |r 2025-01-17 |w 2019-11-23 |y BK |z Catalogado en:20150728 |k ICR | ||